| 000 | 01670namaa22003371i 4500 | ||
|---|---|---|---|
| 003 | EG-GICUC | ||
| 005 | 20260204144111.0 | ||
| 008 | 260204s1993 le ||||jr|||| 000 0 ara d | ||
| 040 |
_aEG-GiCUC _bara _cEG-GiCUC _dEG-GiCUC _erda |
||
| 082 | 0 | 4 |
_221 _a227 _bA872mu |
| 092 | 0 | 4 |
_221 _a227 _bA872mu |
| 099 | _a227 A872mu | ||
| 100 | 1 |
_aابن عطية،عبد الحق بن غالب، _dت. حو. 1147 _eمؤلف. |
|
| 245 | 1 | 2 |
_aالمحرر الوجيز فى تفسير الكتاب العزيز / _cللقاضى أبى محمد عبد الحق بن غالب بن عطية الأندلسى ؛ تحقيق عبد السلام عبد الشافى محمد |
| 250 | _aالطبعة الاولى | ||
| 264 |
_aبيروت (لبنان) : _bدار الكتب العلمية، _c1993 |
||
| 300 |
_a؛ 5 مجلدات _c28 سم |
||
| 336 |
_2rdacontent _atext |
||
| 337 |
_2rdamedia _aUnmediated |
||
| 338 |
_2rdacarrier _avolume |
||
| 500 | _aطبعة محققة عن نسخة آيا صوفيا-استانبول رقم (119) المحفوظة صورتها فى مكتبة مرعشى نجفى | ||
| 504 | _a. | ||
| 505 | _aالجزء الاول. الفاتحة - آل عمران. الجزء الثانى. النساء - الانفال. الجزء الثالث. التوبة - الكهف. الجزء الرابع. مريم - غافر. الجزء الخامس. فصلت - الناس. | ||
| 541 |
_aد. جابر عصفور ؛ _bالقاهرة ؛ _cإهداء ؛ _d2024. |
||
| 630 |
_aالقرآن _xتفسير |
||
| 650 | 1 | _2qrmak | |
| 651 | 1 | _2qrmak | |
| 700 | 1 |
_aمحمد، عبد السلام عبد الشافى _eمحقق. |
|
| 905 | _aHuda | ||
| 942 |
_2ddc _cBK _e21 _n0 |
||
| 999 |
_c178189 _d178189 |
||